[Event "Let's Play Chess!"]
[Site "http://www.queenalice.com/game.php?id=1615586"]
[Date "2020.6.8"]
[Round "-"]
[White "igorjava"]
[Black "marcobianchi"]
[Result "0-1"]
[WhiteElo "1919"]
[BlackElo "2154"]

1. e4 c6 2. d4 d5 3. e5 c5 4. c3 cxd4 5. cxd4 Nc6 6. Nc3 Bf5 7. a3 e6 8. b4 a6
9. Bb2 Nge7 10. Bd3 Bg6 11. Nf3 Bxd3 12. Qxd3 Nf5 13. O-O Be7 14. Na4 O-O 15.
Rac1 Qd7 16. Nc5 Bxc5 17. bxc5 Rfb8 18. Bc3 b6 19. cxb6 Rxb6 20. g4 Nfe7 21. Nd2
Rab8 22. Rb1 h5 23. Rxb6 Rxb6 24. f3 Ng6 25. g5 Qe7 26. f4 Qxa3 27. f5 exf5 28.
Rxf5 Nb4 29. Qf3 Nh4 30. Bxb4 Nxf3+ 0-1

[Event "Let's Play Chess!"]
[Site "http://www.queenalice.com/game.php?id=1618233"]
[Date "2020.6.27"]
[Round "-"]
[White "igorjava"]
[Black "marcobianchi"]
[Result "0-1"]
[WhiteElo "1876"]
[BlackElo "2159"]

1. e4 c6 2. d4 d5 3. e5 Bf5 4. c4 e6 5. c5 f6 6. f4 fxe5 7. fxe5 b6 8. b4 a5 9.
bxa5 bxc5 10. a3 Qh4+ 11. Ke2 Bxb1 12. Rxb1 Qe4+ 13. Be3 cxd4 14. Rxb8+ Rxb8 15.
Qxd4 Qxd4 16. Bxd4 Bxa3 17. Bb6 Ne7 18. Nf3 Nc8 19. Be3 c5 20. Kf2 Rb1 21. Bd2
c4 22. Rg1 Bc5+ 23. Be3 Bxe3+ 24. Kxe3 Rf8 25. Nd2 Ra1 26. Kd4 Ne7 27. Kc5 Rxa5+
28. Kb6 Ra1 29. Nf3 Kd7 30. Be2 Rxg1 31. Nxg1 Rf2 32. Bf3 c3 33. Ne2 Rxe2 34.
Bxe2 c2 35. Bb5+ Kd8 0-1

[Event "Let's Play Chess!"]
[Site "http://www.queenalice.com/game.php?id=1633062"]
[Date "2020.11.15"]
[Round "-"]
[White "marcobianchi"]
[Black "ootomm"]
[Result "1-0"]
[WhiteElo "2164"]
[BlackElo "1488"]

1. d4 d5 2. Bf4 Nc6 3. e3 a6 4. c3 Bf5 5. Nf3 h6 6. Be2 e6 7. Nbd2 Nf6 8. h3 Bd6
9. Bxd6 Qxd6 10. Qb3 b5 11. O-O O-O 12. a4 b4 13. a5 Ne4 14. Nxe4 dxe4 15. Nh2
bxc3 16. bxc3 Rab8 17. Qa2 e5 18. Rfd1 Qg6 19. Kh1 Nd8 20. Bxa6 Ne6 21. Be2 Kh8
22. a6 c6 23. a7 Ra8 24. dxe5 Nc7 25. Rd6 Qg5 26. Rxc6 Be6 27. Qa5 Nd5 28. c4
Ne7 29. Rc7 Rfc8 30. Rb1 Kh7 31. Qc5 Rxc7 32. Qxc7 Nc8 33. Rb7 Nxa7 34. Rxa7 Rc8
35. Qb7 f5 36. Qb5 f4 37. exf4 Qh4 38. Qb7 Rg8 39. Qxe4+ Kh8 40. Bd3 g6 41. Qb7
1-0

[Event "Let's Play Chess!"]
[Site "http://www.queenalice.com/game.php?id=1633063"]
[Date "2020.11.15"]
[Round "-"]
[White "ootomm"]
[Black "marcobianchi"]
[Result "0-1"]
[WhiteElo "1430"]
[BlackElo "2163"]

1. e4 c6 2. Nc3 d5 3. d4 dxe4 4. Nxe4 Nf6 5. Bd3 Qxd4 6. Nf3 Qd8 7. Bf4 Bg4 8.
Qe2 Nbd7 9. O-O-O e6 10. Bc4 Qb6 11. h3 Bxf3 12. Qxf3 Be7 13. a3 O-O-O 14. Rhe1
Nxe4 15. Qxe4 Bf6 16. b3 Nc5 17. Qe3 Na4 18. Qxb6 Nxb6 19. Bd3 Nd5 20. Bg3 Nc3
21. Rd2 Nd5 22. Be4 Bc3 23. Rde2 Bxe1 24. Rxe1 Nf6 25. Bf3 Rd7 26. Rd1 Rxd1+ 27.
Bxd1 Ne4 28. Kb2 Nxg3 29. fxg3 Rd8 30. Kc1 g5 31. Bh5 f6 32. Bf7 Rd6 33. c4 Kd7
34. c5 Rd3 35. Kc2 Rxg3 36. Bh5 Rxg2+ 37. Kc3 Rg3+ 0-1

[Event "Challenge"]
[Site "http://www.queenalice.com/game.php?id=1645779"]
[Date "2021.3.6"]
[Round "-"]
[White "marcobianchi"]
[Black "tariann"]
[Result "0-1"]
[WhiteElo "2156"]
[BlackElo "2284"]

1. d4 d5 2. Bf4 c5 3. e3 Nc6 4. c3 Nf6 5. h3 Bf5 6. Nf3 e6 7. Nbd2 Be7 8. Be2
O-O 9. a3 cxd4 10. cxd4 Rc8 11. g4 Be4 12. Nxe4 Nxe4 13. h4 Qa5+ 14. Kf1 Qd8 15.
g5 Bd6 16. Nd2 Bxf4 17. exf4 Nxd4 18. Rc1 Rxc1 19. Qxc1 Qc8 20. Qd1 Qc5 21. Nxe4
dxe4 22. Rh3 Nxe2 23. Qxe2 Qc1+ 24. Kg2 Qxf4 0-1

[Event "Challenge"]
[Site "http://www.queenalice.com/game.php?id=1645780"]
[Date "2021.3.6"]
[Round "-"]
[White "tariann"]
[Black "marcobianchi"]
[Result "1-0"]
[WhiteElo "2275"]
[BlackElo "2165"]

1. e4 c6 2. d4 d5 3. Nc3 dxe4 4. Nxe4 Nf6 5. Nxf6+ exf6 6. Nf3 Bd6 7. Bd3 Bg4 8.
O-O O-O 9. h3 Bh5 10. Re1 Bxf3 11. Qxf3 Re8 12. Bd2 Nd7 13. Rxe8+ Qxe8 14. Re1
Qf8 15. Qf5 1-0

[Event "Let's Play Chess!"]
[Site "http://www.queenalice.com/game.php?id=1648344"]
[Date "2021.3.31"]
[Round "-"]
[White "marcobianchi"]
[Black "igorjava"]
[Result "0-1"]
[WhiteElo "2132"]
[BlackElo "2004"]

1. d4 d5 2. c4 e6 3. g3 c6 4. Nd2 Nf6 5. Qc2 Bb4 6. Bg2 O-O 7. Nf3 b5 8. cxb5
cxb5 9. O-O Bb7 10. Qb3 Nc6 11. Ne5 Bxd2 12. Bxd2 a6 13. Nxc6 Bxc6 14. Rac1 Qd7
15. Rfd1 Rfc8 16. Ba5 Bb7 17. Qe3 Rxc1 18. Rxc1 Rc8 19. Rc5 Qd6 20. Bb4 Qd8 21.
Qc1 Nd7 22. Rxc8 Qxc8 23. Qxc8+ Bxc8 24. Bc5 Bb7 25. b4 f6 26. Bh3 Kf7 27. Bg4
f5 28. Bh3 h5 29. f3 Nxc5 30. dxc5 g6 31. f4 Kf6 32. Bg2 e5 33. fxe5+ Kxe5 34.
e3 g5 35. Kf2 f4 36. Kf3 g4+ 37. Ke2 f3+ 0-1

[Event "Let's Play Chess!"]
[Site "http://www.queenalice.com/game.php?id=1648345"]
[Date "2021.3.31"]
[Round "-"]
[White "igorjava"]
[Black "marcobianchi"]
[Result "1-0"]
[WhiteElo "2029"]
[BlackElo "2148"]

1. e4 e6 2. d4 d5 3. Nc3 Nf6 4. e5 Nfd7 5. Be3 c5 6. Nf3 Qb6 7. Rb1 Nc6 8. Bb5
a6 9. Ba4 Qc7 10. Bxc6 Qxc6 11. Ne2 b6 12. c3 cxd4 13. cxd4 Be7 14. O-O O-O 15.
a3 a5 16. Rc1 Qb7 17. Qd2 f6 18. h3 fxe5 19. dxe5 Nc5 20. Ned4 Ne4 21. Qc2 Bc5
22. Nd2 Nxd2 23. Qxd2 Bd7 24. Rc2 Rac8 25. Rfc1 Qb8 26. f4 Bxd4 27. Bxd4 Rxc2
28. Rxc2 Rc8 29. Rxc8+ Bxc8 30. Qc3 Bd7 31. h4 1-0

[Event "Let's Play Chess!"]
[Site "http://www.queenalice.com/game.php?id=1759394"]
[Date "2021.5.14"]
[Round "-"]
[White "marcobianchi"]
[Black "igorjava"]
[Result "1-0"]
[WhiteElo "2126"]
[BlackElo "2033"]

1. d4 d5 2. Bf4 c5 3. c3 c4 4. e3 Nc6 5. Nf3 Bg4 6. h3 Bh5 7. Nbd2 Nf6 8. Be2 b5
9. a3 e6 10. Ne5 Bxe2 11. Qxe2 Nxe5 12. Bxe5 Bd6 13. f4 a5 14. O-O O-O 15. e4
Nxe4 16. Nxe4 dxe4 17. Qxe4 f6 18. Bxd6 Qxd6 19. Rae1 Rfe8 20. f5 Ra6 21. fxe6
Rxe6 22. Qxe6+ Qxe6 23. Rxe6 Rxe6 24. Rf5 Rb6 25. a4 bxa4 26. Rxa5 Rxb2 27. Rxa4
h5 28. Rxc4 Kf7 29. Rc7+ Kg6 30. c4 f5 31. c5 Kf6 32. d5 g6 33. d6 Ke6 34. Re7+
Kd5 35. d7 1-0

[Event "Let's Play Chess!"]
[Site "http://www.queenalice.com/game.php?id=1759395"]
[Date "2021.5.14"]
[Round "-"]
[White "igorjava"]
[Black "marcobianchi"]
[Result "0-1"]
[WhiteElo "2065"]
[BlackElo "2116"]

1. e4 c6 2. Nf3 d5 3. e5 Bg4 4. d4 e6 5. c4 Bxf3 6. Qxf3 dxc4 7. Bxc4 Qxd4 8.
Qe2 Nd7 9. f4 Bb4+ 10. Kf1 Qb6 11. Be3 Bc5 12. Bxc5 Qxc5 13. Nc3 Nb6 14. Bb3
O-O-O 15. Rd1 Rxd1+ 16. Nxd1 Ne7 17. g3 Nf5 18. Nc3 Nd5 19. Qf2 Nde3+ 20. Ke1
Nd4 21. Kd2 Rd8 22. Kc1 Nd1 23. Qe1 Nxc3 24. bxc3 Nxb3+ 25. axb3 Qa3+ 26. Kc2
Qa2+ 27. Kc1 Qxb3 28. Qe3 a5 29. Re1 a4 30. Qc5 a3 31. Qb4 a2 0-1

[Event "Challenge"]
[Site "http://www.queenalice.com/game.php?id=1763195"]
[Date "2021.6.28"]
[Round "-"]
[White "marcobianchi"]
[Black "tucuman"]
[Result "0-1"]
[WhiteElo "2137"]
[BlackElo "2219"]

1. d4 d5 2. Nf3 Nf6 3. Bf4 Nc6 4. e3 Bg4 5. h3 Bxf3 6. Qxf3 e6 7. c3 Bd6 8. Bxd6
cxd6 9. Nd2 h5 10. Bb5 Kf8 11. Qe2 g6 12. Bd3 e5 13. Rd1 Qb6 14. Rb1 Re8 15. Bb5
a6 16. Bxc6 bxc6 17. dxe5 dxe5 18. O-O Kg7 19. Rfe1 c5 20. e4 d4 21. cxd4 cxd4
22. Nf3 Nd7 23. b4 Qb5 24. Qd2 Nb6 0-1

[Event "Let's Play Chess!"]
[Site "http://www.queenalice.com/game.php?id=1788494"]
[Date "2022.5.8"]
[Round "-"]
[White "igor12345"]
[Black "marcobianchi"]
[Result "1-0"]
[WhiteElo "2017"]
[BlackElo "2128"]

1. e4 c6 2. Nf3 d5 3. e5 Bf5 4. d4 e6 5. c4 dxc4 6. Bxc4 Ne7 7. Nc3 Nd5 8. a3
Nd7 9. O-O c5 10. Nxd5 exd5 11. Bxd5 Qc7 12. Bf4 Qb6 13. b3 Be7 14. dxc5 Bxc5
15. b4 Be7 16. Be3 Qc7 17. Rc1 Qb8 18. Bf4 Nb6 19. g3 O-O 20. e6 Qd8 21. exf7+
Kh8 22. Bxb7 1-0

[Event "Let's Play Chess!"]
[Site "http://www.queenalice.com/game.php?id=1788495"]
[Date "2022.5.8"]
[Round "-"]
[White "marcobianchi"]
[Black "igor12345"]
[Result "0-1"]
[WhiteElo "2113"]
[BlackElo "2018"]

1. d4 d5 2. Bf4 Nf6 3. e3 Bg4 4. Nf3 g6 5. Be2 e6 6. Nbd2 c5 7. c3 c4 8. h3 Bxf3
9. Nxf3 Nc6 10. a3 b5 11. Ne5 Qc8 12. g4 Bd6 13. g5 Ne4 14. f3 Bxe5 15. dxe5 Nc5
16. h4 Nd7 17. Rc1 O-O 18. Kf2 Ncxe5 19. Bxe5 Nxe5 20. f4 Nd7 21. h5 Qc7 22.
hxg6 fxg6 23. Rxh7 Kxh7 24. Qh1+ Kg7 25. Qh6+ Kf7 26. Qh7+ Ke8 27. Qxg6+ Ke7 28.
Rh1 Rf7 29. Rh7 Rxh7 30. Qxh7+ Kd6 31. f5 exf5 0-1

[Event "Challenge"]
[Site "http://www.queenalice.com/game.php?id=1791000"]
[Date "2022.6.16"]
[Round "-"]
[White "marcobianchi"]
[Black "TammieM3ENF"]
[Result "1-0"]
[WhiteElo "2127"]
[BlackElo "1074"]

1. d4 e6 2. Bf4 Be7 3. e3 d5 4. Nf3 Nh6 5. Bd3 f5 6. Nbd2 b6 7. Ne5 O-O 8. h3
Nf7 9. g4 c5 10. c3 a5 11. Ndf3 Ra6 12. Bxa6 Nxa6 13. Nc6 Qc7 14. Bxc7 Bf6 15.
Bxb6 e5 16. dxe5 Nxe5 17. Ncxe5 Bxe5 18. Qxd5+ Kh8 19. Nxe5 Nb8 20. O-O-O g6 21.
Nf7+ Kg8 22. Bxc5 Rxf7 23. Qd8+ Kg7 24. Bd4+ Rf6 25. Qxf6+ Kh6 26. Qh4# 1-0

[Event "Challenge"]
[Site "http://www.queenalice.com/game.php?id=1791387"]
[Date "2022.6.23"]
[Round "-"]
[White "dimitridruloza2012"]
[Black "marcobianchi"]
[Result "0-1"]
[WhiteElo "1718"]
[BlackElo "2097"]

1. d4 d5 2. e3 c6 3. Nc3 Bf5 4. Nf3 Nd7 5. Bd3 Bg6 6. Bxg6 hxg6 7. Bd2 Ngf6 8.
Ng5 e6 9. Qf3 Bd6 10. e4 dxe4 11. Ncxe4 Be7 12. O-O Qb6 13. Bc3 Rf8 14. a4 Nd5
15. b3 N7f6 16. Nxf6+ Bxf6 17. Rae1 Bxg5 18. Re5 Bf6 19. Re4 Nxc3 20. Qxc3 Rd8
21. Rd1 Rh8 22. h3 Rh5 23. Qe3 Rhd5 24. c4 Rxd4 25. Rdxd4 Rxd4 26. g3 Rd1+ 27.
Kg2 Qxe3 28. Rxe3 Bd4 29. Re2 Rb1 30. Rd2 c5 31. Rd3 Rb2 32. h4 Rxf2+ 33. Kh3
Rc2 34. b4 Rc3 35. Rd2 cxb4 36. Rxd4 b3 37. Rd2 Rc2 38. Rd1 b2 39. Rb1 Kd7 40.
Kg4 Rxc4+ 41. Kf3 Rc2 42. Ke4 f6 43. Kd3 Rg2 44. Kc3 Kd6 45. Rxb2 Rxb2 46. Kxb2
Kd5 47. Kc2 Kd4 48. Kd2 e5 49. Ke2 e4 50. g4 b6 51. Kd2 a6 52. Ke2 b5 53. axb5
axb5 54. Kd2 b4 55. Kc2 e3 56. Kb3 e2 57. Kxb4 e1=Q+ 58. Kb5 Qc3 59. Kb6 Qc5+
60. Kb7 Kd5 0-1

[Event "Let's Play Chess!"]
[Site "http://www.queenalice.com/game.php?id=1793190"]
[Date "2022.7.25"]
[Round "-"]
[White "marcobianchi"]
[Black "igor12345"]
[Result "1-0"]
[WhiteElo "2099"]
[BlackElo "2000"]

1. d4 d5 2. Bf4 Nf6 3. e3 Bg4 4. Nf3 e6 5. Nbd2 Ne4 6. Bd3 Nxd2 7. Qxd2 c5 8.
Bb5+ Ke7 9. dxc5 Bxf3 10. Bd6+ Kf6 11. Qc3+ Kg6 12. gxf3 Bxd6 13. Rg1+ Kf5 14.
Bd3# 1-0

[Event "Let's Play Chess!"]
[Site "http://www.queenalice.com/game.php?id=1793191"]
[Date "2022.7.25"]
[Round "-"]
[White "igor12345"]
[Black "marcobianchi"]
[Result "0-1"]
[WhiteElo "2006"]
[BlackElo "2108"]

1. e4 c6 2. d4 d5 3. e5 Bf5 4. Bd3 Bxd3 5. Qxd3 e6 6. Nf3 c5 7. Qb5+ Qd7 8.
Qxd7+ Nxd7 9. c3 Ne7 10. O-O Nc6 11. Be3 Be7 12. Nbd2 O-O 13. Rfc1 Rac8 14. Nb3
cxd4 15. cxd4 Nb6 16. Nc5 Bxc5 17. Rxc5 Na4 18. Rc2 Nxe5 19. Rxc8 Nxf3+ 20. gxf3
Rxc8 21. b3 Nc3 22. Kf1 Nb5 23. Ke1 Nd6 24. Kd2 Nf5 25. Rc1 Rxc1 26. Kxc1 Nh4
27. f4 Nf3 28. h3 Ng1 29. h4 h5 30. f5 Nf3 31. fxe6 fxe6 32. Bg5 Nxg5 33. hxg5
h4 0-1

[Event "Let's Play Chess!"]
[Site "http://www.queenalice.com/game.php?id=1796364"]
[Date "2022.9.18"]
[Round "-"]
[White "marcobianchi"]
[Black "igor12345"]
[Result "1-0"]
[WhiteElo "2104"]
[BlackElo "2219"]

1. b3 d5 2. Bb2 d4 3. Nf3 c5 4. e3 Nc6 5. Bb5 Bg4 6. Bxc6+ bxc6 7. exd4 cxd4 8.
Bxd4 Nf6 9. Bb2 e6 10. O-O Be7 11. d3 O-O 12. h3 Bh5 13. Nbd2 Nd7 14. Re1 Bf6
15. Bxf6 Qxf6 16. Nc4 Bxf3 17. Qxf3 Qxf3 18. gxf3 Rfe8 19. Ne5 Nb8 20. Re4 f6
21. Nc4 e5 22. f4 Nd7 23. Rae1 Kf8 24. fxe5 fxe5 25. Nxe5 Nxe5 26. Rxe5 Rxe5 27.
Rxe5 Rc8 28. d4 Kf7 29. Kg2 Kf6 30. f4 Rc7 31. Kf3 g6 32. Rc5 Ke6 33. d5+ Kd6
34. Rxc6+ Rxc6 35. dxc6 Kxc6 36. c4 a5 37. Kg4 h6 38. h4 Kc5 39. h5 gxh5+ 40.
Kxh5 Kb4 41. f5 Ka3 42. f6 Kxa2 43. f7 1-0

[Event "Let's Play Chess!"]
[Site "http://www.queenalice.com/game.php?id=1796367"]
[Date "2022.9.18"]
[Round "-"]
[White "igor12345"]
[Black "marcobianchi"]
[Result "1-0"]
[WhiteElo "2075"]
[BlackElo "2117"]

1. e4 b6 2. d4 Bb7 3. d5 Nf6 4. Nc3 e6 5. dxe6 fxe6 6. Bg5 Be7 7. Bd3 O-O 8. Nf3
Nc6 9. O-O h6 10. Bh4 Nb4 11. a3 Nxd3 12. cxd3 Nh5 13. Bxe7 Qxe7 14. Nd2 Nf4 15.
Nb3 a6 16. Qg4 Nxd3 17. Qe2 Nf4 18. Qe3 1-0

[Event "Let's Play Chess!"]
[Site "http://www.queenalice.com/game.php?id=1803397"]
[Date "2023.1.6"]
[Round "-"]
[White "igor12345"]
[Black "marcobianchi"]
[Result "1-0"]
[WhiteElo "1963"]
[BlackElo "2119"]

1. e4 c6 2. d4 d5 3. e5 Bf5 4. Bd3 Bxd3 5. Qxd3 e6 6. Nf3 Nd7 7. c4 dxc4 8. Qxc4
Nb6 9. Qc2 Ne7 10. Bg5 h6 11. Be3 Nf5 12. a3 1-0

[Event "Let's Play Chess!"]
[Site "http://www.queenalice.com/game.php?id=1803398"]
[Date "2023.1.6"]
[Round "-"]
[White "marcobianchi"]
[Black "igor12345"]
[Result "0-1"]
[WhiteElo "2102"]
[BlackElo "1985"]

1. Nf3 d5 2. b3 c5 3. Bb2 Nc6 4. e3 Bg4 5. h3 Bh5 6. Bb5 a6 7. Bxc6+ bxc6 8. O-O
e6 9. d3 Nf6 10. g4 Bg6 0-1